MDQL
is popping MORE tags! Check the
thread
!
Quizzes
Events
Quiz Creation
Community
Videos
Private Events
Remove Ads
Sign In
Join for FREE
Feedback
Dark Mode
Quiz Categories
Sports
Geography
Music
Movies
Television
Just For Fun
Miscellaneous
History
Literature
Language
Science
Gaming
Entertainment
Religion
Holiday
For Kids
Quiz Lab
Recent
Popular Today
Quiz Kudos Today
Editor Picks
Curator Picks
Quizzes by...
Day
Popularity
Type
Ratings
Length
Year
Community
Subscriptions
Recent Discussions
Orange Saloon
Badges
Playlists
Quests
Create
Leaderboards
Showdown
Live 5
Trivia Bingo
Activity
Puzzle Library
Sporcle Events
Private Events
Virtual Trivia
Globe League
Become a Host
Pub Owners
SporcleCon
Opinionation
Our Games
Videos
Blog
Mobile Apps
Partnerships
Remove Ads and Go Orange
Feedback
History
US Presidents
World Leaders
Politics
Nation
Discovery
War
Decade
Year
Century
Biography
Art
History
US Presidents
World Leaders
Politics
Nation
Discovery
War
Decade
Year
Century
Biography
Art
Random Quiz
Search Sporcle
×
Quiz Lab
Quiz Lab
History
US Presidents
Type in answers that appear in a list
Type in answers that appear in a list
Classic
Best Score? Go Orange.
Presidents by Birth-state Stats
Can you name the Presidents by Birth-state?
By
Pilar_of_Autunm
10m
43 Questions
91 Plays
91 Plays
91 Plays
Comments
Comments
Give Quiz Kudos
Give Quiz Kudos
-
- Ratings
hide this ad
Forced Order
Answers have to be entered in order
Answers have to be entered in order
Replay
Link that replays current quiz
Next Quiz
Link to next quiz in quiz playlist
You Got
0%
They Got
Avg Score
67%
Avg Friend Score
Upgrade to see
Score Distribution
Jump to the score distribution portion of the page
Score
0/43
Timer
10:00
0
Plays Today
% Correct
George Washington
93.4%
Barack Obama
87.9%
Thomas Jefferson
85.7%
James Madison
81.3%
John Adams
80.2%
Jimmy Carter
80.2%
William Jefferson Clinton
79.1%
John Quincy Adams
76.9%
Abraham Lincoln
76.9%
James Monroe
75.8%
Lyndon B. Johnson
73.6%
Harry S. Truman
72.5%
Richard Nixon
71.4%
John F. Kennedy
69.2%
Theodore Roosevelt
68.1%
George H. W. Bush
65.9%
Franklin D. Roosevelt
65.9%
George W. Bush
65.9%
Ronald Reagan
65.9%
Andrew Jackson
64.8%
Rutherford B. Hayes
63.7%
Benjamin Harrison
63.7%
% Correct
Dwight D. Eisenhower
63.7%
Ulysses S. Grant
62.6%
WIlliam McKinley
62.6%
Gerald Ford
62.6%
Franklin Pierce
62.6%
William Henry Harrison
61.5%
James A. Garfield
61.5%
Calvin Coolidge
61.5%
Woodrow Wilson
60.4%
William Howard Taft
60.4%
James Buchanan
60.4%
John Tyler
59.3%
Herbert Hoover
59.3%
Zachary Taylor
58.2%
Warren G. Harding
58.2%
Martin Van Buren
58.2%
James K. Polk
57.1%
Andrew Johnson
57.1%
Chester A. Arthur
57.1%
Millard Fillmore
54.9%
Grover Cleveland
54.9%
Quiz Playlist
Details
Report
Send in Message
Add To Playlist
Classic:
Type in answers that appear in a list
Forced Order:
Answers have to be entered in order
Last Updated: Feb 16, 2017
Quiz Scoreboard
CHALLENGE
Sign Up to Join the Scoreboard
Show All
Scores
Hide
Comments
May contain spoilers
Recently Published
Colored Red Africa Blitz
by spor1
Geography
30s
Find the 'City' Movie
by crazypaving
Movies
60s
5x2 Blitz: Bands
by SL_Kpop136
Music
30s
More to Explore
Quiz From the Vault
Featured Blog Post
14 Easter Pick-up Lines to Find Eggs With
hide this ad
You Might Also Like...
Tags
US Presidents Quiz
birthplace
Today's Top Quizzes in History
Browse History
hide this ad
Today's Top Quizzes in US Presidents
Browse US Presidents
Top Contributed Quizzes in History
1
Popular People in 1991
2
US National Parks Named After People
3
Popular People in 1951
4
Popular People in 1941
5
Order Up: 1000 Years of World Events I
6
I Am Born On March 29th
7
Popular People in 1921
8
Popular People in 1981
9
Popular People in 1986
10
Popular People in 1976
Explore More
Trending Topics
Harry Potter
Crossword
Marvel
Disney
NBA
Anime
Kpop
WWE
Puzzle
The Office
Song
Country
NFL
Soccer
Pokémon
hide this ad
More By:
Pilar_of_Autunm
Quiz
Plays
Rating
Category
Featured
Created
My Little Pony Characters in Order of Appearance (S1)
577
3.00
Entertainment
Jun 4, 2012
Presidents by Birth-state
91
2.00
History
Jun 9, 2012
Presidents from Virginia
31
5.00
History
Jun 9, 2012
Go to Creator's Profile
Score Distribution
Quiz Creator Spotlight
Pilar_of_Autunm
Follow
Send a Message
Quizzes Created
-
Created Quiz Play Count
-
More By This Creator
Popular Quizzes Today
1
Colored Red Africa Blitz
2
Find the 'City' Movie
3
5x2 Blitz: Bands
4
Find the US States - No Outlines Minefield
5
The Countries of the World
6
Find the US States
7
US States
8
Find the Countries of Europe - No Outlines Minefield
More History Quizzes
Find the Japanese WW2 War Machines
Quiz Lab
Trending Quizzes
Colored Red Europe Blitz I
Colored Red Europe Blitz II
Colored Red Africa Blitz II
Colored Red Europe Blitz III
Colored Red Africa Blitz III
Recently Updated
How Do You Spell That?
pecheneg
Godzilla Movies
pecheneg
Grab Bag: 4-10 Letters
pecheneg
2024 March Madness Bracket
pecheneg
Famous TV Couples
Peacemaker
Champions League XIs: Real Madrid
pecheneg
Largest US Cities 1790-2010
pecheneg
Rides in Walt Disney World
pecheneg
Most Oscar Losses (Acting)
pecheneg
Beyoncé Albums
pecheneg
Trending Topics
Crossword
NBA
Disney
Harry Potter
Kpop
Marvel
Anime
Puzzle
NFL
Country
WWE
Soccer
Song
The Office
Pokémon
Your Account Isn't Verified!
In order to create a playlist on Sporcle, you need to verify the email address you used during registration. Go to your
Sporcle Settings
to finish the process.
Report this User
Report this user for behavior that violates our
Community Guidelines
.
Details:
Send Report
Go to the Sporcle.com Mobile Site →
Comments